Wird geladen...

Karmabhumi /

Bibliographische Detailangaben
1. Verfasser: Premchand
Format: Printed Book
Sprache:Hindi
Veröffentlicht: Hams Prakasan , 1970.
Schlagworte:
LEADER 00461nam a2200157Ia 4500
008 150624b xxu||||| |||| 00| 1 hin d
082 |a 863.21 
100 |a Premchand 
245 |c Premchand  |a Karmabhumi / 
260 |b Hams Prakasan ,  |c 1970. 
300 |a 172 p. 
546 |a In Hindi. 
650 |v Fiction 
942 |c BK 
999 |c 87199  |d 87199 
952 |0 1  |1 0  |4 0  |6 863_210000000000000_KAR  |7 0  |9 87143  |a UL  |b UL  |c ST1  |d 1998-09-15  |l 0  |o 863.21 KAR  |p 4311  |r 2012-10-27  |w 2012-10-27  |y BK